TO ASSESS THE ORAL HEALTH STATUS AND TREATMENT NEEDS IN AUTOMOBILE INDUSTRIAL WORKERS OF GURUGRAM NCR (Record no. 17171)

MARC details
000 -LEADER
fixed length control field 00394nam a22001337a 4500
003 - CONTROL NUMBER IDENTIFIER
control field SGT
082 ## - DEWEY DECIMAL CLASSIFICATION NUMBER
Classification number 617.601
Item number T17B
100 ## - MAIN ENTRY--PERSONAL NAME
Personal name SAROJ, BOKEN
245 ## - TITLE STATEMENT
Title TO ASSESS THE ORAL HEALTH STATUS AND TREATMENT NEEDS IN AUTOMOBILE INDUSTRIAL WORKERS OF GURUGRAM NCR
260 ## - PUBLICATION, DISTRIBUTION, ETC. (IMPRINT)
Place of publication, distribution, etc DELHI NCR
Name of publisher, distributor, etc SGT UNIVERSITY GURUGRAM
Year of Publication 2017
300 ## - PAGE DESCRIPTION
No. of Pages 1-154
650 ## - SUBJECT ADDED ENTRY--TOPICAL TERM
Topical term or geographic name as entry element PUBLIC HEALTH DENTISTRY
942 ## - ADDED ENTRY ELEMENTS (KOHA)
Source of classification or shelving scheme Dewey Decimal Classification
Koha item type Thesis/Dissertation
Holdings
Withdrawn status Lost status Source of classification or shelving scheme Damaged status Not for loan Home library Current library Shelving location Date acquired Vendor Name SGTU Total Checkouts Full call number Accession No. (Barcode) Date last seen Bill Date Koha item type Collection code
    Dewey Decimal Classification     SGT Dental Library SGT Dental Library Reference Book 22/03/2019 PERFECT BOOK BINDING HOUSE NEW DELHI SGTU   617.601 T17B DT477 22/03/2019 22/03/2019 Thesis/Dissertation  
    Dewey Decimal Classification   Not For Loan SGT Medical Library SGT Medical Library Reference Book 12/10/2020   SGTU   617.601 T17B DT872 12/10/2020 12/10/2020 Thesis/Dissertation MEDICAL